| 000 | 00360nam a22001457a 4500 | ||
|---|---|---|---|
| 020 | _a9788120307841 | ||
| 040 | _cNust | ||
| 082 |
_a519.5 _bFRE |
||
| 100 |
_aJohn E. Freund _9126005 |
||
| 245 | _aMathematical Statistics | ||
| 250 | _a5th Edition | ||
| 260 |
_aIndia: _bAsoke K. Ghosh, _c1992. |
||
| 650 |
_aMathematical Statistics _961 |
||
| 942 |
_2ddc _cBK |
||
| 999 |
_c611749 _d611749 |
||